000 00782nam a2200205 i 4500
001 21700
003 ES-MaACL
005 20240424091324.0
007 t|
008 021127s1844 sp ai |||| | spa d
080 _a821.134.2-1"18"(082.2)
245 0 0 _aÁlbum poético a S.M. la Reina Dª María Cristina :
_bhomenage [sic] de gratitud y amor de la juventud valenciana.
260 _aValencia :
_b[s.n.],
_c1844 (
_fImp. de López y Compañía)
300 _a44 p., [4] h. de lám. ;
_c27 cm.
599 _aCub. con litogr. col.: invenc.ª Tellez ; lit.ª Pascual.
600 0 4 _aMaría Cristina,
_cReina consorte de Fernando VII, Rey de España (
_d1806-1878)
_9150801
650 4 _aPoesía española-
_yS.XIX
_916217
852 4 _aES-MaACL
_jT-45-F-4
999 _c21700
_d21700